Cubanía : Nación, identidad y mestizaje en cuba. Estudio de dos poemarios de Nicolás Guillén

Uloženo v:
Podrobná bibliografie
Hlavní autor: Barrios Rodríguez, Vera Violeta
Médium: Kniha
Jazyk:Undetermined
Vydáno: San José, Costa Rica Universidad de Costa Rica, Sistema de Estudios de posgrado 2012
Témata:
Tagy: Přidat tag
Žádné tagy, Buďte první, kdo vytvoří štítek k tomuto záznamu!

MARC

LEADER 00000nam a2200000Ia 4500
008 170316s9999 xx 000 0 und d
040 |a cru BVZT 
090 |a TESIS 876 
100 |a Barrios Rodríguez, Vera Violeta 
245 |a Cubanía : Nación, identidad y mestizaje en cuba. Estudio de dos poemarios de Nicolás Guillén 
260 |a San José, Costa Rica 
260 |b Universidad de Costa Rica, Sistema de Estudios de posgrado 
260 |c 2012 
300 |a 236 páginas 
650 |a TRABAJO FINAL DE GRADUACIÓN 
650 |a SEP 
650 |a MAESTRÍA ACADÉMICA EN LITERATURA LATINOAMERICANA 
650 |a NICOLÁS GUILLÉN - ESTUDIO DE POEMARIOS 
650 |a LA NEGRITUD EN LA POESÍA AFROANTILLANA - NICOLÁS GUILLÉN 
650 |a NACIÓN - MESTIZAJE Y CUBANÍA 
650 |a DISCURSO DE IDENTIDAD - MÚSICA - MUJER Y POESÍA 
650 |a MÚSICA - RELIGIÓN - IDENTIDAD Y POESÍA - OBRA NICOLÁS GUILLÉN 
650 |a VANGUARDIA LATINOAMERICANA Y CUBA 
999 |c 14536  |d 14536 
942 |c TFG  |h TESIS 876  |2 z